| 000 | 00730nam a2200205 a 4500 | ||
|---|---|---|---|
| 999 |
_c4345 _d4345 |
||
| 001 | 4345 | ||
| 003 | BD-JhCC | ||
| 005 | 20171126193354.0 | ||
| 008 | 171005s2006 bg |||| |||| 000 0 beg d | ||
| 035 | _a(BD-JhCC) | ||
| 040 |
_aBD-JhCC _dBD-JhCC |
||
| 041 | _abeg | ||
| 082 |
_a891.4435 _bZAH 2006 |
||
| 100 | _aজহির, শহীদুল | ||
| 245 |
_aশহীদুল জহির নির্বাচিত গল্প : _bপারাপার ডুমুরখেকো মানুষ ও অন্যান্য গল্প / _cশহীদুল জহির |
||
| 260 |
_aঢাকাঃ _bসমাবেশ, _c২০০৬। |
||
| 300 |
_a193 p.; _c22 cm |
||
| 650 | _aCollective Stories | ||
| 942 |
_2ddc _cBK |
||